Online
Catalog
Normal view MARC view

Entry Término temático

Number of records used in: 10

001 - NÚMERO DE CONTROL

  • campo de control: 13822

003 - IDENTIFICADOR DEL NÚMERO DE CONTROL

  • campo de control: BNPHU

005 - FECHA Y HORA DE LA ÚLTIMA TRANSACCIÓN

  • campo de control: 20250612105738.0

008 - DATOS DE LONGITUD FIJA

  • campo de control de longitud fija: 200615|| aca||aabn | a|a d

010 ## - NÚMERO DE CONTROL DE LA BIBLIOTECA DEL CONGRESO

  • Número de control de LC: sh 85148273

040 ## - FUENTE DE LA CATALOGACIÓN

  • Centro catalogador/agencia de origen: DO-SdBNP
  • Lengua de catalogación: spa
  • Centro/agencia transcriptor: BNPHU
  • Normas de descripción: rda

150 ## - ENCABEZAMIENTO--TÉRMINO DE MATERIA

  • Término de materia o nombre geográfico como elemento de entrada: Guerra Mundial, 1939-1945

450 ## - TRAZADO DE VÉASE--TÉRMINO DE MATERIA

  • Término de materia o nombre geográfico como elemento de entrada: World War, 1939-1945

450 ## - TRAZADO DE VÉASE--TÉRMINO DE MATERIA

  • Término de materia o nombre geográfico como elemento de entrada: Guerra Mundial II, 1939-1945

450 ## - TRAZADO DE VÉASE--TÉRMINO DE MATERIA

  • Término de materia o nombre geográfico como elemento de entrada: Segunda Guerra Mundial

550 ## - TRAZADO VÉASE ADEMÁS--TÉRMINO DE MATERIA

  • Término de materia o nombre geográfico como elemento de entrada: Historia moderna
  • Subdivisión cronológica: Siglo XX
  • Subcampo de control: g

670 ## - FUENTE DE DATOS ENCONTRADOS

  • Cita de la fuente: Work cat.: (OSt)4565: Bernadac, Christian, 1937-2003. 13821, Los maniquíes desnudos :, 1974.

670 ## - FUENTE DE DATOS ENCONTRADOS

  • Identificador Uniforme del Recurso: https://librunam.dgb.unam.mx:8443/F/Q5BTND74T8M2R7ILVLAKJXVTYK322A4P4LVKVKRIEYAMTY3IKV-13106?func=full-set-set&set_number=001650&set_entry=000001&format=001 Consultado en 12 de Junio, 2025

670 ## - FUENTE DE DATOS ENCONTRADOS

  • Identificador Uniforme del Recurso: https://authorities.loc.gov/cgi-bin/Pwebrecon.cgi?AuthRecID=6255138&v1=1&HC=2&SEQ=20250612105701&PID=O-h0n_Ay1xrG4P9O4EEY2LLpXGtp Consultado en 12 de Junio, 2025

681 ## - NOTA DE EJEMPLO DE TRAZADO DE MATERIA

  • Texto explicativo: Ejemplo bajo la referencia
  • Encabezamiento de materia o término de subdivisión: Guerras

750 ## - ENTRADA DE ENLACE DE ENCABEZAMIENTO ESTABLECIDO--TÉRMINO DE MATERIA

  • Término de materia o nombre geográfico como elemento de entrada: World War, 1939-1945
  • Número de control del registro de autoridad o número normalizado: sh 85148273

Powered by Koha